000
00297nam a2200109Ia 4500
008
220204s9999 xx 000 0 und d
082
_a
801.3
_b
HOR
100
_a
Hornby, A S
245
0
_a
Teaching of structural words and sentence patterns
260
_a
London
_b
Oxford University
_c
1966
942
_c
BK
999
_c
29538
_d
29538